| 000 | 01074nam a22003257a 4500 | ||
|---|---|---|---|
| 003 | CHAP | ||
| 005 | 20220329140434.0 | ||
| 008 | 971013s1994 r 00010 d | ||
| 010 | _a51946 | ||
| 011 | _a52918 | ||
| 035 | _a57068 | ||
| 040 | _cCHAP | ||
| 082 |
_a589.2 _bP4 |
||
| 100 | 0 | 0 |
_aPetrini, Orlando. _987651 |
| 245 | _aHost wall alterations by parasitic fungi | ||
| 260 |
_aSt. Paul, Minn. : _bAmerican Phytopathological Society, _c1994 |
||
| 300 |
_a159 p. _b: ilus. |
||
| 590 |
_aBATCH-UPD _b10 _c20130109 _lUCH01 _h2318 |
||
| 590 |
_aBATCH-UPD _b10 _c20130110 _lUCH01 _h0503 |
||
| 590 |
_aBATCH-UPD _b10 _c20130409 _lUCH01 _h1840 |
||
| 590 |
_aBATCH-UPD _b10 _c20130410 _lUCH01 _h0141 |
||
| 590 |
_aBATCH-UPD _b10 _c20130914 _lUCH01 _h1621 |
||
| 590 |
_aCONVERSION _b10 _c20130109 _lUCH01 _h1328 |
||
| 650 | 1 | 4 |
_aHongos parásitos. _956135 |
| 650 | 1 | 4 |
_aInteracción huésped-parásito. _959512 |
| 700 | 0 |
_aOuellete, Guillemond B. _984352 |
|
| 901 | _aBK | ||
| 942 | _cLIBRO | ||
| 949 |
_a589.2 P4 _bBC _cLIBRO _d33724000088670 _eLIBRO _gI. 180338 _h89764 _i57068 _si _t235.00 |
||
| 999 |
_c51946 _d51946 |
||